Music Quiz

Random Music or Minefield Quiz

We Didn't Start the Minefield Quiz Stats

Quiz not verified by Sporcle

Also try: 'Changes' Lyrics
Challenge
Share
Tweet
Embed
Score 0/50 Timer 10:00
0 Plays Today
% Correct
???
53.5%
???
51.6%
???
47.5%
???
45.1%
???
44.3%
???
43.9%
???
43.8%
???
43.6%
???
43.1%
???
42.7%
???
42.6%
???
42.3%
???
41.2%
???
39.7%
???
39.3%
???
39%
???
38.7%
???
38.3%
???
36.2%
???
35.6%
???
35.3%
???
35.1%
???
34.8%
???
34.7%
???
34.6%
% Correct
???
34.5%
???
34.3%
???
33.7%
???
32.7%
???
32.4%
???
32.4%
???
31.6%
???
31.3%
???
30.7%
???
30.5%
???
30.5%
???
30.3%
???
29.4%
???
29.4%
???
28.5%
???
28.1%
???
27.7%
???
27.6%
???
26.7%
???
26.4%
???
25.4%
???
25%
???
24.5%
???
23.9%
???
23.5%

You're not logged in!

Compare scores with friends on all Sporcle quizzes.
Join for Free
OR
Log In

You Might Also Like...

Show Comments

Extras

Curator's Pick Jan 14, 2016ReportNominate
Tags:Lyrics Quiz, Minefield Quiz, 1980, Billy Joel

Top Quizzes Today


Score Distribution

Your Account Isn't Verified!

In order to create a playlist on Sporcle, you need to verify the email address you used during registration. Go to your Sporcle Settings to finish the process.

Report this User

Report this user for behavior that violates our Community Guidelines.

Details: